MARC details
| 000 -LEADER |
| fixed length control field |
02094cam a2200529 a 4500 |
| 001 - CONTROL NUMBER |
| control field |
21602 |
| 003 - CONTROL NUMBER IDENTIFIER |
| control field |
VRT |
| 005 - DATE AND TIME OF LATEST TRANSACTION |
| control field |
20260306135417.0 |
| 008 - FIXED-LENGTH DATA ELEMENTS--GENERAL INFORMATION |
| fixed length control field |
240702s1993 xo a cr 000 j slo |
| 015 ## - NATIONAL BIBLIOGRAPHY NUMBER |
| National bibliography number |
SNBA1993/05 |
| 020 ## - INTERNATIONAL STANDARD BOOK NUMBER |
| International Standard Book Number |
8071460621 |
| 035 ## - SYSTEM CONTROL NUMBER |
| System control number |
SNK000014308 |
| 035 ## - SYSTEM CONTROL NUMBER |
| System control number |
urn:nbn:sk:snk-amlmur |
| 035 ## - SYSTEM CONTROL NUMBER |
| System control number |
urn:nbn:sk:snk-am00bye0 |
| 035 ## - SYSTEM CONTROL NUMBER |
| System control number |
F04C210A-B09F-419E-AD76-92AE83013D0D |
| 039 #9 - LEVEL OF BIBLIOGRAPHIC CONTROL AND CODING DETAIL [OBSOLETE] |
| Level of rules in bibliographic description |
202407251101 |
| Level of effort used to assign nonsubject heading access points |
AUTHORITY |
| Level of effort used to assign subject headings |
202407251037 |
| Level of effort used to assign classification |
csnkv15 |
| Level of effort used to assign subject headings |
202407241633 |
| Level of effort used to assign classification |
AUTHORITY |
| Level of effort used to assign subject headings |
202407041123 |
| Level of effort used to assign classification |
msnk24 |
| 040 ## - CATALOGING SOURCE |
| Original cataloging agency |
SNK |
| Language of cataloging |
slo |
| Transcribing agency |
SNK |
| Description conventions |
AACR2 |
| 041 1# - LANGUAGE CODE |
| Language code of text/sound track or separate title |
slo |
| Language code of original |
eng |
| 044 ## - COUNTRY OF PUBLISHING/PRODUCING ENTITY CODE |
| MARC country code |
xo |
| ISO country code |
SK |
| 072 #7 - SUBJECT CATEGORY CODE |
| Subject category code |
821.111-3 |
| Subject category code subdivision |
Anglická próza, anglicky písaná |
| 072 #7 - SUBJECT CATEGORY CODE |
| Subject category code |
821-93 |
| Subject category code subdivision |
Literatúra pre deti a mládež (beletria) |
| Source |
konspekt |
| 080 ## - UNIVERSAL DECIMAL CLASSIFICATION NUMBER |
| Universal Decimal Classification number |
820-3(087.5) |
| Edition identifier |
1981 |
| 080 ## - UNIVERSAL DECIMAL CLASSIFICATION NUMBER |
| Universal Decimal Classification number |
821.111-32 |
| Edition identifier |
2011 |
| 080 ## - UNIVERSAL DECIMAL CLASSIFICATION NUMBER |
| Universal Decimal Classification number |
(0:82-321.3) |
| Edition identifier |
2011 |
| 080 ## - UNIVERSAL DECIMAL CLASSIFICATION NUMBER |
| Universal Decimal Classification number |
82-93-053.4/.5 |
| Edition identifier |
2011 |
| 100 1# - MAIN ENTRY--PERSONAL NAME |
| Personal name |
Bishop, Michael |
| Relationship |
aut |
| 245 10 - TITLE STATEMENT |
| Title |
Robin Hood. Ostrov pokladov |
| Statement of responsibility, etc. |
Michael Bishop ; autor literárnej predlohy Robert Louis Stevenson ; preklad Anna Pokorná, Anton Šteffek ; ilustrácie Gerry Embleton |
| 250 ## - EDITION STATEMENT |
| Edition statement |
[1. vyd.] |
| 260 ## - PUBLICATION, DISTRIBUTION, ETC. |
| Place of publication, distribution, etc. |
Bratislava |
| Name of publisher, distributor, etc. |
Slovart Junior |
| Date of publication, distribution, etc. |
1993 |
| Place of manufacture |
Košice |
| Manufacturer |
Východoslovenské tlačiarne |
| 300 ## - PHYSICAL DESCRIPTION |
| Extent |
93 s. |
| Other physical details |
ilustrácie |
| Dimensions |
29 cm |
| 500 ## - GENERAL NOTE |
| General note |
Ilustrácia na titulnej strane a predsádkach |
| 500 ## - GENERAL NOTE |
| General note |
Pravdepodobne preložené z angličtiny |
| 650 07 - SUBJECT ADDED ENTRY--TOPICAL TERM |
| Topical term or geographic name entry element |
Robin Hood (legendárna postava) |
| Source of heading or term |
SNKPH |
| 655 #7 - INDEX TERM--GENRE/FORM |
| Genre/form data or focus term |
anglické príbehy |
| Source of term |
SNKPH |
| 655 #7 - INDEX TERM--GENRE/FORM |
| Genre/form data or focus term |
dobrodružné príbehy |
| Source of term |
SNKPH |
| 655 #7 - INDEX TERM--GENRE/FORM |
| Genre/form data or focus term |
literatúra pre deti |
| Source of term |
SNKPH |
| 700 12 - ADDED ENTRY--PERSONAL NAME |
| Relationship information |
Adaptácia diela: |
| Personal name |
Stevenson, Robert Louis, |
| Dates associated with a name |
1850-1894 |
| Title of a work |
Treasure island |
| 700 1# - ADDED ENTRY--PERSONAL NAME |
| Personal name |
Pokorná, Anna |
| Titles and other words associated with a name |
(prekladateľka) |
| Relationship |
trl |
| 700 1# - ADDED ENTRY--PERSONAL NAME |
| Personal name |
Šteffek, Anton |
| Titles and other words associated with a name |
(prekladateľ) |
| Relationship |
trl |
| 700 1# - ADDED ENTRY--PERSONAL NAME |
| Personal name |
Embleton, Gerry A., |
| Dates associated with a name |
1941- |
| Relationship |
ill |
| 942 ## - ADDED ENTRY ELEMENTS (KOHA) |
| Source of classification or shelving scheme |
Dewey Decimal Classification |
| Koha item type |
Krásna literatúra pre deti |
| Suppress in OPAC |
No |
| 949 ## - LOCAL PROCESSING INFORMATION (OCLC) |
| 6 |
17A0146199 |
| 9 |
P60, <05>, [BOOK], {605} |
| a |
snkSB 50961 D1 |
| 949 ## - LOCAL PROCESSING INFORMATION (OCLC) |
| 6 |
270001000089047 |
| a |
svkbbC 35078 |
| b |
svkbbm 577758 |
| 949 ## - LOCAL PROCESSING INFORMATION (OCLC) |
| 6 |
17A0805139 |
| a |
snkSB 50961 |
| s |
6100:20160606 |